00494 2200193 4500001002100000005001500021035002000036008004100056245007100097100001800168250000600186260003600192300001200228084001400240082000800254650001400262990001200276990001200288INLIS00000000000047120240430112316 a0010-0424000447240430 0 ind 1 aSatuan Karya Pramuka Sebagai Organisasi Pendukung /cAnis Ilahi W. aIlahi W, Anis a1 aKlaten :bIntan Pariwara,c2016 a178 hlm a369 ANI s a369 4aNon Fiksi a0728520 a0728521